Digital Economics Dynamics: (Record no. 1312979)

MARC details
000 -LEADER
fixed length control field 00546nam a22001817a 4500
003 - CONTROL NUMBER IDENTIFIER
control field OSt
005 - DATE AND TIME OF LATEST TRANSACTION
control field 20250507122637.0
008 - FIXED-LENGTH DATA ELEMENTS--GENERAL INFORMATION
fixed length control field 250507b |||||||| |||| 00| 0 eng d
020 ## - INTERNATIONAL STANDARD BOOK NUMBER
International Standard Book Number 9783540360292
040 ## - CATALOGING SOURCE
Transcribing agency rda
100 ## - MAIN ENTRY--PERSONAL NAME
Personal name J.J Welfens, Paul.,
Relator term Editors
9 (RLIN) 754935
245 ## - TITLE STATEMENT
Title Digital Economics Dynamics:
Remainder of title Innovations, Networks and Regulations
Statement of responsibility, etc. By Paul J.J,Welfens and Mathians Weske
260 ## - PUBLICATION, DISTRIBUTION, ETC.
Place of publication, distribution, etc. Germany
Name of publisher, distributor, etc. Springer
Date of publication, distribution, etc. 2007
300 ## - PHYSICAL DESCRIPTION
Extent 209P
650 ## - SUBJECT ADDED ENTRY--TOPICAL TERM
Source of heading or term Economic
700 ## - ADDED ENTRY--PERSONAL NAME
Personal name Weske,Mathias.,
Relator term Editor
9 (RLIN) 754936
942 ## - ADDED ENTRY ELEMENTS (KOHA)
Source of classification or shelving scheme Colon Classification (CC)
Koha item type General Books
Suppress in OPAC No
Holdings
Withdrawn status Lost status Source of classification or shelving scheme Damaged status Not for loan Home library Current library Shelving location Date acquired Total Checkouts Full call number Barcode Date last seen Price effective from Koha item type
    Colon Classification (CC)     Faculty of Management Library Faculty of Management Library General Stacks 2019-12-06   X:(B) P7 ML1635245 2025-05-07 2025-05-07 General Books
Copyright @ Delhi University Library System